| 000 | 00419nam a2200157 a 4500 | ||
|---|---|---|---|
| 005 | 20140412111239.0 | ||
| 008 | 010602s19uu xx 00 eng d | ||
| 050 |
_aTR(GS 030 _bEa7 1987 |
||
| 245 |
_aCircus of sizes / _cby World Book. |
||
| 260 |
_a[s.l.] : _bWorld Book, Inc, _c1987. |
||
| 300 | _a1v. (unp.) ; ill. | ||
| 440 | _aEarly World of Learning | ||
| 650 | _aAlphabets | ||
| 650 | _aSizes | ||
| 999 |
_c102603 _d102603 |
||